01669cam a22003618a 450000100090000000300040000900500170001300800410003001000170007102000180008803500200010604000180012604200080014406000110015208200140016310000310017724500200020825000270022826000340025526300090028930000140029849000170031250000950032950000200042450506640044465000200110865000290112870000480115783000250120590600450123094200140127599900180128916897684OSt20150408114134.0110727s2012 stk 001 0 eng  a 2011032023 a9780723436249 a(DNLM)101565644 aDNLM/DLCcDLC apcc10aWL 10000a612.82231 aRoss, Jenny,d1986-93609010aNervous system. a4th ed. /bJenny Ross. aEdinburgh :bElsevier,c2012. a1205 ap. ;ccm.1 aCrash course aRev.ed. of: Nervous system. 3rd ed. / Mark Hughes, Thomas Miller. Edinburgh : Mosby, 2007. aIncludes index.0 aIntroduction and overview of the central nervous system -- The development of the nervous system and disorders of development -- Cellular physiology of the nervous system and introduction to pharmacology -- The spinal cord and peripheral nerves -- Somatosensation and the perception of pain -- Motor control -- The automatic nervous system -- Vision -- Hearing, speech and language -- Olfaction and taste (gustation) -- The brainstem -- Neuroendocrinology -- Memory and higher functions -- Basic pathological process within the central nervous system -- Neurogenetics -- Pharmacology of the central nervous system -- Clinical assessment of the nervous system.12aNervous System.22aNervous System Diseases.1 aHughes, Mark,cBSc.tNervous system.936092 0aCrash course.936087 a7bcbccorignewd1eecipf20gy-gencatlg 2ddccBOOK c30125d264625